A Song of Ice and Fire (Intense) - Statistics

General Stats
  • This quiz has been taken 590 times
    588 since last reset
  • The average score is 5 of 14
Answer Stats
Hint Answer % Correct
Number of Free Cities 9
91%
Seat of House Reed Greywater Watch
60%
Height of the Wall 700 feet
51%
Kingsguard drowned in Blackwater Bay Mandon Moore
50%
Kingsmoot's are held on this island Old Wyk
48%
Sandor Clegane's horse Stranger
48%
Bloodraven's Valyrian sword Dark Sister
40%
Luthor Tyrell died while... Hawking
38%
Jeyne Poole's father Vayon Poole
33%
"I am of the Night." Darkstar
30%
Windblown's Commander Tattered Prince
23%
"My skin has gone from porcelain, to ivory, to..." steel
21%
Arya's ship to Braavos Titan's Daughter
10%
Rhaegar's slain squire Myles Mooton
6%
No matching quizzes found
Score Distribution
Percent of People with Each Score
Percentile by Number Answered
Your Score History
You have not taken this quiz since the last reset